=LDR 00000nam 2200000 4500 =001 000326 =005 20250710022522 =035 ##$$a 0010-0725000179 =007 ta =008 250710################a##########0#ind## =020 ##$$a 978-623-118-864-9 =082 ##$$a 398.209 598 =084 ##$$a 398.209 598 JES p =100 #$$a Jessica putri elizabeth =245 1#$$a Petualang antariksa /$c Jessica putri elizabeth =250 ##$$a Cetakan pertama =260 ##$$a Rawamangun :$b Kementerian pendidikan, kebudayaan, riset, dan teknologi,$c 2022 =300 ##$$a 28 hlm. : $b Ilus. ; $c 29,7 cm =650 #4$$a Cerita anak-indonesia =990 ##$$a TBM00260026